Extreme Geography Quiz - Statistics

General Stats
  • This quiz has been taken 43 times
  • The average score is 6 of 20
Answer Stats
Questions Answers % Correct
What is the biggest city in Bali? Denpasar
68%
What is the capital city of Faore islands? Torshavn
49%
What is the capital of the Uyghur autonomous region? Urumqi
49%
What is the third largest city by population in South Korea? Incheon
46%
What country has the most official languages? Bolivia
37%
What is capital city of Canadian region Nunavut? Iqaluit
37%
What is the most bombed country in the world? Laos
34%
What Mexican cartel got name after province? Sinaloa
34%
What is the main airline in Poland? LOT
32%
What is the largest lake in North Macedonia? Ohrid
27%
What is the second deepest lake in the world? Tanganyika
27%
What is the only state in the US with an active diamond mine? Arkansas
24%
What is the tallest mountain in Slovenia? Triglav
24%
What is the largest glacier in Iceland? Vatnajokull
22%
What is the currency of Vanuatu? Vatu
22%
What is the biggest lake in Finland? Saimaa
12%
What is the main island of Kiribati? Kiritimati
7%
Which country drinks the most mint tea? Morroco
7%
What is largest oasis in the world? Al Ahsa
5%
What is the longest river in New Zealand? Waikato
2%
No matching quizzes found
Score Distribution
Percent of People with Each Score
Percentile by Number Answered
Your Score History
You have not taken this quiz